[Event "AUTO-OPEN-3578"]
[Site "http://www.queenalice.com/game.php?id=1397303"]
[Date "2015.12.4"]
[Round "1"]
[White "eu14"]
[Black "kuntakinte"]
[Result "1-0"]
[WhiteElo "1100"]
[BlackElo "1853"]

1. e4 d5 2. exd5 Qxd5 3. Qf3 Qc6 4. Qxc6+ Nxc6 5. c3 e5 6. d3 b5 7. h3 Bb7 8.
Nf3 Nf6 9. Be2 b4 10. O-O Ba6 11. cxb4 Nxb4 12. Na3 Bxd3 13. Bxd3 Nxd3 14. Ne1
Nf4 15. Bxf4 exf4 16. Nf3 Bd6 17. Rfe1+ Be7 18. Rac1 Rc8 19. Nb5 c5 20. Nd6+ Kd8
21. Nxc8 Kxc8 22. Rxe7 Nd7 23. Rxf7 g5 24. Nxg5 h5 25. h4 Rg8 26. f3 a5 27. Rd1
Ne5 28. Ra7 Nc6 29. Ra8+ Nb8 30. Rd5 Kb7 31. Rxa5 c4 32. Rac5 Rc8 33. Rxc8 Kxc8
34. Rc5+ 1-0

[Event "AUTO-OPEN-3578"]
[Site "http://www.queenalice.com/game.php?id=1397338"]
[Date "2015.12.4"]
[Round "1"]
[White "eu14"]
[Black "rich"]
[Result "0-1"]
[WhiteElo "1102"]
[BlackElo "2157"]

1. e4 c5 2. d3 Nc6 3. Nf3 d6 4. h3 Nf6 5. Be2 g6 6. O-O Bg7 7. Nh2 O-O 8. Bg4
Nxg4 9. Nxg4 Bd7 10. Nh2 Qb6 11. Nc3 e5 12. Nf3 f5 13. b3 Nd4 14. Nxd4 cxd4 15.
Nd5 Qd8 16. f3 Be6 17. Bd2 Rc8 18. a4 Bxd5 19. exd5 Rc5 20. Ra2 Rxd5 21. Qc1 a5
22. Bg5 Qc7 23. Bh6 Rc8 24. Bxg7 Qxg7 25. Rf2 Rdc5 26. Kf1 Rc3 27. Qd1 Qc7 28.
Kg1 Qc5 29. Kh2 b6 30. Kh1 Kg7 31. Kh2 f4 32. Kg1 g5 33. Kf1 Qd5 34. Rb2 Qc5 35.
Kg1 Kf6 36. Kf1 Ke6 37. Kg1 h5 38. Kf1 Qd5 39. Kg1 Qc5 0-1

[Event "AUTO-OPEN-3578"]
[Site "http://www.queenalice.com/game.php?id=1397339"]
[Date "2015.12.4"]
[Round "1"]
[White "rich"]
[Black "eu14"]
[Result "0-1"]
[WhiteElo "1875"]
[BlackElo "1100"]

1. e4 e5 2. Nf3 d6 3. d4 Be7 4. Bc4 exd4 5. Nxd4 Nf6 6. Nc3 c6 7. a4 h6 8. O-O
O-O 9. Bf4 Nh7 10. Nf5 Bxf5 11. exf5 d5 12. Bb3 Bd6 13. Bxd6 Qxd6 14. Ne4 Qe5
15. Nc5 Qxf5 16. Nxb7 Nd7 17. Na5 Rac8 18. c3 Rfe8 19. Bc2 Qf6 20. Qd3 Nhf8 21.
b4 Ne5 22. Qf5 Qxf5 23. Bxf5 Rc7 24. Rfe1 Rce7 25. Kf1 Nc4 26. Nxc6 Nd2+ 0-1

[Event "AUTO-OPEN-3586"]
[Site "http://www.queenalice.com/game.php?id=1400133"]
[Date "2015.12.23"]
[Round "1"]
[White "eu14"]
[Black "jahe"]
[Result "1-0"]
[WhiteElo "1100"]
[BlackElo "1876"]

1. e4 c5 2. Nf3 Nc6 3. c3 g6 4. Be2 Bg7 5. O-O Nf6 6. h3 O-O 7. d3 e6 8. Be3 d6
9. Nh2 c4 10. dxc4 Nxe4 11. Bf3 Nf6 12. Bxc6 bxc6 13. Bg5 Qc7 14. Bxf6 Bxf6 15.
Nd2 Ba6 16. Ng4 Bg7 17. Rc1 Rab8 18. b3 Qa5 19. Qc2 d5 20. Rfe1 Bxc3 21. Qxc3
Qd8 22. Nh6# 1-0

[Event "AUTO-OPEN-3586"]
[Site "http://www.queenalice.com/game.php?id=1400134"]
[Date "2015.12.23"]
[Round "1"]
[White "jahe"]
[Black "eu14"]
[Result "1-0"]
[WhiteElo "1859"]
[BlackElo "1100"]

1. e4 e5 2. Nf3 d6 3. Nc3 c6 4. d3 h6 5. g3 Nf6 6. Bg2 Be7 7. b3 O-O 8. Bb2 Bg4
9. Qd2 Bxf3 10. Bxf3 Nbd7 11. O-O-O Nh7 12. h4 b5 13. Bg4 Nc5 14. Bf5 Nb7 15. f4
g6 16. Bg4 h5 17. Bf3 Bf6 18. Kb1 a5 19. f5 Qe7 20. Qh6 Bg7 21. Qe3 Nc5 22. g4
Nf6 23. gxh5 Nxh5 24. Bxh5 gxh5 25. Rdg1 f6 26. Qh6 Rf7 27. Qxh5 Kf8 28. Qh7 Ke8
29. Qg8+ Qf8 30. Rxg7 Rxg7 31. Qxf8+ Kxf8 32. Bc1 Kf7 33. h5 Rh8 34. h6 Rgh7 35.
Ne2 Nd7 36. Kb2 Nb6 37. Ng3 Nd7 38. Nh5 Nf8 39. Rg1 Nd7 40. Ng7 Rxh6 41. Bxh6
Rxh6 42. Ne6 Rh7 43. Nd8+ Kf8 44. Nxc6 a4 45. Nb4 axb3 46. axb3 Nb8 47. Nd5 Kf7
48. Nc7 b4 49. Nd5 Rh2 50. Nxb4 Nd7 51. Nd5 Rh6 52. b4 Nb8 53. c4 Na6 54. Kc3
Nb8 55. b5 Rh8 56. Rg6 Nd7 57. Rg2 Rb8 58. Ra2 Rb7 59. Ra6 Ke8 60. Rxd6 Kf7 61.
Kb4 Ra7 62. Ra6 Rb7 63. c5 Nb8 64. Rxf6+ Kg8 65. c6 Nxc6+ 66. Rxc6 Kf7 67. Rc7+
1-0

[Event "AUTO-OPEN-3586"]
[Site "http://www.queenalice.com/game.php?id=1400135"]
[Date "2015.12.23"]
[Round "1"]
[White "eu14"]
[Black "Parma"]
[Result "0-1"]
[WhiteElo "1100"]
[BlackElo "1936"]

1. d4 d5 2. e3 e6 3. Nf3 Nf6 4. Be2 c5 5. O-O Nc6 6. h3 Be7 7. Nh2 O-O 8. Ng4 a6
9. Nxf6+ Bxf6 10. dxc5 Be7 11. a3 Bxc5 12. b4 Bb6 13. c3 Qe7 14. a4 h6 15. a5
Bc7 16. Nd2 Be5 17. Bb2 Nxb4 18. Rb1 Nc6 19. Ra1 Bc7 20. f4 Bxa5 21. Ba3 Qd7 22.
Bxf8 Kxf8 23. Qc2 b5 24. Nb3 Bb6 25. Nd4 Bxd4 26. cxd4 Bb7 27. Rfb1 Rc8 28. Qd2
Ne7 29. Rc1 Nf5 30. Rxc8+ Qxc8 31. Rc1 Qd7 32. Kh2 f6 33. Rc5 Nd6 34. Qc2 Nc4
35. Bxc4 dxc4 36. Qa2 f5 37. Qa3 Kg8 38. Qa5 Qd6 39. Rc7 Qd5 40. Qa2 a5 41. Rc5
Qe4 42. Rxb5 Bd5 43. Rxa5 Qxe3 44. Rxd5 exd5 45. Qa8+ Kh7 46. Qxd5 Qxf4+ 47. Kh1
Qf1+ 48. Kh2 c3 49. Qb3 Qf4+ 50. Kh1 Qxd4 51. g4 Qe4+ 52. Kh2 c2 53. Qb2 Qf4+
54. Kg2 c1=Q 0-1

[Event "AUTO-OPEN-3586"]
[Site "http://www.queenalice.com/game.php?id=1400136"]
[Date "2015.12.23"]
[Round "1"]
[White "Parma"]
[Black "eu14"]
[Result "1-0"]
[WhiteElo "1924"]
[BlackElo "1100"]

1. d4 d5 2. c4 c6 3. e3 e6 4. Nf3 Nf6 5. Be2 Be7 6. O-O O-O 7. Bd2 h6 8. Nc3 a6
9. a4 Bd7 10. h3 Nh7 11. Nh2 f5 12. f4 Be8 13. c5 b6 14. b4 Nd7 15. Nf3 b5 16.
axb5 axb5 17. Ne5 Nxe5 18. dxe5 Rxa1 19. Qxa1 Bf7 20. Bf3 Qe8 21. Ne2 Bg6 22.
Nd4 Qd7 23. Qa6 Rc8 24. Ra1 Be8 25. Qb6 Bd8 26. Qa7 Qxa7 27. Rxa7 Bf7 28. g4 g6
29. Be1 Nf8 30. Kg2 fxg4 31. Bxg4 h5 32. Bf3 Be8 33. Kg3 Bc7 34. h4 Bd7 35. e4
Bb8 36. Rb7 Rd8 37. exd5 exd5 38. Be2 Ne6 39. Bf2 Nxd4 40. Bxd4 Kf8 41. Bd3 Kf7
42. f5 gxf5 43. Bxf5 Ke8 44. Bxd7+ Rxd7 45. Rxb8+ Ke7 46. Rh8 Ke6 47. Rxh5 Ra7
48. Kf4 Ra4 49. Rh6+ Ke7 50. e6 Rxb4 51. Ke5 Rb1 52. Rh7+ Ke8 53. Kd6 Rf1 54.
Rh8+ Rf8 55. Rxf8+ Kxf8 56. Kd7 b4 57. e7+ 1-0

[Event "AUTO-OPEN-3588"]
[Site "http://www.queenalice.com/game.php?id=1400755"]
[Date "2015.12.27"]
[Round "1"]
[White "saturnin"]
[Black "eu14"]
[Result "0-1"]
[WhiteElo "1527"]
[BlackElo "1100"]

1. b4 b5 2. e3 c6 3. g3 e5 4. c3 Nf6 5. Bg2 Be7 6. Ne2 O-O 7. O-O d5 8. a4 Bb7
9. a5 a6 10. d4 e4 11. f3 exf3 12. Rxf3 h6 13. h3 Nh7 14. Nd2 Nd7 15. e4 dxe4
16. Nxe4 c5 17. Rf2 Bxe4 18. Bxe4 Ra7 19. Qc2 Nhf6 20. dxc5 Nxe4 21. Qxe4 Nf6
22. Qf3 Nh7 23. Nd4 g5 24. Nf5 f6 25. Nxh6+ Kh8 26. h4 Qe8 27. Re2 Qg6 28. Nf5
Bd8 29. h5 Qf7 30. g4 Qc7 31. Be3 Qc8 32. Nd6 Qc7 33. Qd5 Qd7 34. c6 Qxg4+ 35.
Kf1 Qxh5 36. Bg1 Qh3+ 37. Rg2 Re7 38. Bc5 Qh1+ 39. Bg1 Bc7 40. Ne4 Re5 41. Qd3
Rd8 42. Qf3 Qh6 43. Rh2 Qg6 44. Bd4 Rf5 45. Rh6 Rxf3+ 46. Kg2 Qxh6 47. Kxf3 Rxd4
48. cxd4 Qh3+ 49. Ke2 Qe6 50. Kf3 f5 51. Nf2 Qxc6+ 52. Ke2 Qc4+ 53. Ke3 Qc3+ 0-1

[Event "AUTO-OPEN-3588"]
[Site "http://www.queenalice.com/game.php?id=1400756"]
[Date "2015.12.27"]
[Round "1"]
[White "eu14"]
[Black "saturnin"]
[Result "0-1"]
[WhiteElo "1100"]
[BlackElo "1507"]

1. e4 e5 2. d3 d6 3. h3 g6 4. Nf3 Bg7 5. Be2 Ne7 6. O-O O-O 7. Nh2 h6 8. Be3 g5
9. g4 b6 10. c3 c5 11. c4 Ba6 12. f3 Nbc6 13. Bd2 Nd4 14. Be3 Nxe2+ 15. Qxe2 b5
16. b3 bxc4 17. dxc4 Ng6 18. Nc3 Ne7 19. Rf2 Qa5 20. Bd2 f6 21. Nd5 Qd8 22.
Nxe7+ Qxe7 23. Nf1 Rad8 24. Ng3 Bb7 25. Nf5 Qf7 26. Nxg7 Qxg7 27. Rb1 a6 28. Bc3
Qg6 29. Kg2 h5 30. Kh2 hxg4 31. fxg4 Bxe4 32. Rd1 f5 33. Rdf1 f4 34. Re1 Bc6 35.
Bd2 e4 36. Be3 fxe3 37. Rxf8+ Rxf8 38. Qxe3 Rf3 39. Qg1 Qe6 40. Re3 Qe5+ 41. Kh1
Rxe3 42. Qf1 Qh8 43. Kh2 Rf3 44. Qg2 e3 45. Kg1 Qxh3 46. Qxh3 Rxh3 0-1

[Event "AUTO-OPEN-3588"]
[Site "http://www.queenalice.com/game.php?id=1400782"]
[Date "2015.12.27"]
[Round "1"]
[White "maurice91"]
[Black "eu14"]
[Result "1-0"]
[WhiteElo "1786"]
[BlackElo "1100"]

1. d4 d5 2. Nf3 e6 3. Bf4 Nf6 4. c4 Bb4+ 5. Nc3 O-O 6. e3 h6 7. Qb3 Bxc3+ 8.
bxc3 c6 9. cxd5 cxd5 10. Be2 b6 11. h3 Nh7 12. O-O f5 13. Ne5 Rf6 14. Bh5 Nf8
15. Nd3 Nfd7 16. Ne5 Nxe5 17. Bxe5 Rf8 18. c4 Nd7 19. cxd5 Nxe5 20. dxe5 Qxd5
21. Qxd5 exd5 22. f4 Be6 23. Rfd1 1-0

[Event "AUTO-OPEN-3663"]
[Site "http://www.queenalice.com/game.php?id=1426621"]
[Date "2016.6.6"]
[Round "1"]
[White "Bategoll"]
[Black "eu14"]
[Result "1-0"]
[WhiteElo "1892"]
[BlackElo "1102"]

1. e4 e5 2. Nf3 d6 3. Bc4 h6 4. Nc3 c6 5. a3 Nf6 6. d3 Be7 7. Be3 O-O 8. O-O Be6
9. Ba2 Nh7 10. Ne2 Bxa2 11. Rxa2 Bg5 12. Nxg5 Nxg5 13. Ng3 Nd7 14. Nf5 f6 15.
Nxd6 Qc7 16. Nf5 Rf7 17. f4 1-0

[Event "AUTO-OPEN-3663"]
[Site "http://www.queenalice.com/game.php?id=1426622"]
[Date "2016.6.6"]
[Round "1"]
[White "eu14"]
[Black "Bategoll"]
[Result "0-1"]
[WhiteElo "1121"]
[BlackElo "1978"]

1. e4 e5 2. d3 Nf6 3. Nf3 d6 4. h3 Nc6 5. c3 Be7 6. Be2 b6 7. O-O Bb7 8. b4 a6
9. Nh2 O-O 10. Bg5 Nb8 11. Bxf6 Bxf6 12. Ng4 Nd7 13. Nxf6+ Nxf6 14. Nd2 c6 15.
Nf3 Re8 16. Nh2 d5 0-1

[Event "AUTO-OPEN-3663"]
[Site "http://www.queenalice.com/game.php?id=1426659"]
[Date "2016.6.6"]
[Round "1"]
[White "jlpbarreto"]
[Black "eu14"]
[Result "1-0"]
[WhiteElo "1873"]
[BlackElo "1098"]

1. e4 e5 2. Nf3 d6 3. d4 exd4 4. Nxd4 Nc6 5. Nc3 Nxd4 6. Qxd4 c6 7. Be3 Qf6 8.
O-O-O Qxd4 9. Bxd4 Be6 10. f4 b6 11. f5 Bd7 12. Bd3 O-O-O 13. g4 f6 14. Bc4 Kb8
15. Bb3 Ne7 16. Be3 Nc8 17. Bf4 h5 18. h3 Be7 19. Ne2 b5 20. c4 Kb7 21. cxb5
cxb5 22. Nc3 Bc6 23. Be6 a6 24. Bd5 Bxd5 25. Nxd5 Rhe8 26. Be3 1-0

[Event "AUTO-OPEN-3663"]
[Site "http://www.queenalice.com/game.php?id=1426660"]
[Date "2016.6.6"]
[Round "1"]
[White "eu14"]
[Black "jlpbarreto"]
[Result "0-1"]
[WhiteElo "1098"]
[BlackElo "1890"]

1. e4 e5 2. d3 Nf6 3. Nf3 Nc6 4. c3 h6 5. Be2 Be7 6. O-O d6 7. h3 Be6 8. Be3 O-O
9. Nh2 d5 10. exd5 Bxd5 11. Bf3 Qd7 12. Bxd5 Qxd5 13. Qe2 Kh8 14. c4 Qd7 15. Ng4
a6 16. Nxf6 Bxf6 17. Nd2 Rad8 18. Rad1 Rfe8 19. Nf3 Nd4 20. Bxd4 exd4 21. Qc2
Re6 22. Rfe1 Rde8 23. Rxe6 Rxe6 24. Re1 Kg8 25. Rxe6 Qxe6 0-1

[Event "AUTO-BEG-640"]
[Site "http://www.queenalice.com/game.php?id=1427780"]
[Date "2016.6.16"]
[Round "1"]
[White "eu14"]
[Black "akleetch"]
[Result "0-1"]
[WhiteElo "1121"]
[BlackElo "1338"]

1. e4 e5 2. d3 h6 3. Nf3 Nc6 4. c3 Nf6 5. Be2 a6 6. O-O Bc5 7. h3 d5 8. exd5
Nxd5 9. Nh2 Qf6 10. Bf3 Be6 11. Bxd5 Bxd5 0-1

[Event "AUTO-BEG-640"]
[Site "http://www.queenalice.com/game.php?id=1427781"]
[Date "2016.6.16"]
[Round "1"]
[White "akleetch"]
[Black "eu14"]
[Result "1-0"]
[WhiteElo "1346"]
[BlackElo "1111"]

1. e4 e5 2. Nc3 c6 3. Bc4 Nf6 4. d3 Bb4 5. Bd2 Bxc3 6. bxc3 h6 7. Ne2 O-O 8. Ng3
d6 9. h3 Be6 10. Bxe6 fxe6 11. c4 a6 12. O-O 1-0

[Event "AUTO-BEG-640"]
[Site "http://www.queenalice.com/game.php?id=1427782"]
[Date "2016.6.16"]
[Round "1"]
[White "eu14"]
[Black "LeRoiNoir"]
[Result "0-1"]
[WhiteElo "1102"]
[BlackElo "1652"]

1. e4 c6 2. d3 d5 3. exd5 cxd5 4. h3 e5 5. Be2 Bb4+ 6. Bd2 Nc6 7. Bxb4 Nxb4 8.
a3 Qa5 9. c3 Nc6 10. b4 Qc7 11. Nf3 Nf6 12. O-O O-O 13. Nh2 Rd8 14. Bg4 Ne7 15.
Bxc8 Raxc8 16. Ng4 Nxg4 17. Qxg4 Ng6 0-1

[Event "AUTO-BEG-640"]
[Site "http://www.queenalice.com/game.php?id=1427783"]
[Date "2016.6.16"]
[Round "1"]
[White "LeRoiNoir"]
[Black "eu14"]
[Result "1-0"]
[WhiteElo "1652"]
[BlackElo "1102"]

1. d4 d5 2. c4 c6 3. Nf3 e6 4. Bg5 Be7 5. Bxe7 Nxe7 6. e3 O-O 7. cxd5 cxd5 8.
Bd3 g6 9. O-O Nbc6 10. Nc3 f5 11. a4 Bd7 12. Rb1 a6 13. b4 Na7 14. b5 axb5 15.
axb5 b6 16. Ne5 Nac8 17. Qf3 Ra7 18. Ne2 Nd6 19. Rfc1 1-0